| 000 | 00904nam a2200265 i 4500 | ||
|---|---|---|---|
| 001 | 19478 | ||
| 003 | ES-MaACL | ||
| 005 | 20250707071753.0 | ||
| 007 | t| | ||
| 008 | 020903s2001 sp ||||1| spa d | ||
| 020 | _a84-8428-080-2 | ||
| 080 | _a929 Eïzenshtein, Sergueï Mijaïlovich | ||
| 080 | _a791.44 Eïzensheteïn, Sergueï Mijailovich | ||
| 100 | 1 |
_aBergan, Ronald. _927931 |
|
| 245 | 1 | 0 |
_aSerguéi Eisenstein _b: una vida en conflicto / _cRonald Bergan ; traducción Isabel Ferrer Marrades. |
| 250 | _a1ª ed. | ||
| 260 |
_aBarcelona : _bAlba, _c2001. |
||
| 300 |
_a403 p., [18] p. de lám. ; _c22 cm. |
||
| 490 | 1 |
_aA trayectos. Serie Vidas y letras ; _v32 |
|
| 600 | 1 | 4 |
_aEisenstein, Sergei M. ( _d1898-1948) _946864 |
| 700 | 1 |
_aFerrer Marrades, Isabel. _950485 |
|
| 830 | 0 |
_aA trayectos _v32 _9189000 |
|
| 852 |
_aES-MaACL _jL-25912 _bR.130758 |
||
| 999 |
_c19478 _d19478 |
||